Obras completas

Uloženo v:
Podrobná bibliografie
Hlavní autor: Gallegos, Rómulo
Médium: Kniha
Jazyk:Undetermined
Vydáno: España Aguilar 1976
Vydání:2
Témata:
Tagy: Přidat tag
Žádné tagy, Buďte první, kdo vytvoří štítek k tomuto záznamu!

MARC

LEADER 00000nam a2200000Ia 4500
008 170316s9999 xx 000 0 und d
040 |a cru BVZT 
090 |a 860 G-3o 
100 |a Gallegos, Rómulo 
245 |a Obras completas 
250 |a 2 
260 |a España 
260 |b Aguilar 
260 |c 1976 
300 |a 1341 páginas Tomo II 
650 |a LITERATURA LATINOAMERICANA 
999 |c 8787  |d 8787 
942 |c 15 D  |h 860 G-3o  |2 z